[Event "Ronne Jubilaum"]
[Site "Ronne"]
[Date "2001.06.25"]
[Round "2"]
[White "Larsen, Karsten"]
[Black "Hafner, Christian"]
[Result "1-0"]
[WhiteElo "2304"]
[BlackElo "2111"]
[PlyCount "79"]
[EventDate "2001.??.??"]
[EventType "swiss"]
[EventRounds "9"]
[EventCountry "DEN"]
[SourceDate "2005.12.01"]

1. e4 c5 2. Nf3 d6 3. Bb5+ Bd7 4. Bxd7+ Qxd7 5. O-O Nc6 6. c3 Nf6 7. d4 Nxe4 8.
d5 Nd8 9. Re1 f5 10. Bf4 Nf7 11. Nbd2 Nxd2 12. Qxd2 h6 13. h4 g6 14. Re6 Rg8
15. Rae1 Kd8 16. c4 a5 17. Qe3 Kc8 18. Qd2 Kd8 19. Qc1 Bg7 20. Rxg6 Kc7 21.
Rge6 Bf6 22. Qe3 b6 23. b3 Rg4 24. g3 Rag8 25. Kf1 Kc8 26. Qd2 Nd8 27. R6e2 Nf7
28. a3 Ne5 29. Bxe5 dxe5 30. Nxe5 Bxe5 31. Rxe5 Rd4 32. Qxh6 f4 33. Qxb6 Qh3+
34. Ke2 Qg4+ 35. f3 Rd2+ 36. Kxd2 Qxf3 37. Qxc5+ Kb8 38. Qb6+ Kc8 39. Rxe7 Qf2+
40. R1e2 1-0

[Event "Ronne Jubilaum"]
[Site "Ronne"]
[Date "2001.06.25"]
[Round "2"]
[White "Aaberg, Anton"]
[Black "Holstein Ratlau, Claus Hoeg"]
[Result "1-0"]
[WhiteElo "2266"]
[BlackElo "1827"]
[PlyCount "81"]
[EventDate "2001.??.??"]
[EventType "swiss"]
[EventRounds "9"]
[EventCountry "DEN"]
[SourceDate "2005.12.01"]

1. d4 Nf6 2. c4 g6 3. g3 Bg7 4. Bg2 d6 5. Nc3 O-O 6. Nf3 Nbd7 7. O-O e5 8. h3
c6 9. e4 Qc7 10. b3 exd4 11. Nxd4 Re8 12. Bb2 Nc5 13. Re1 Ne6 14. Nxe6 Bxe6 15.
Qd2 Rad8 16. Rad1 Qa5 17. Qc1 Qh5 18. Ne2 g5 19. Qa1 Qg6 20. Nd4 Bc8 21. Qb1
Nh5 22. Nf3 Bxb2 23. Qxb2 Nf6 24. e5 dxe5 25. Rxd8 Rxd8 26. Qxe5 h6 27. Qc7 Rf8
28. Qa5 Qh5 29. Qxa7 Bxh3 30. Qxb7 Bxg2 31. Kxg2 g4 32. Ng1 Qc5 33. Re7 Nh7 34.
Rc7 Ng5 35. Qxc6 Qe5 36. Rd7 Kg7 37. Qd5 Qb2 38. Qd4+ Qxd4 39. Rxd4 h5 40. c5
Re8 41. c6 1-0

[Event "Ronne Jubilaum"]
[Site "Ronne"]
[Date "2001.06.25"]
[Round "2"]
[White "Angskog, Kent"]
[Black "Petersen, Jan"]
[Result "1-0"]
[WhiteElo "2160"]
[BlackElo "1742"]
[PlyCount "63"]
[EventDate "2001.??.??"]
[EventType "swiss"]
[EventRounds "9"]
[EventCountry "DEN"]
[SourceDate "2005.12.01"]

1. Nf3 Nf6 2. c4 g6 3. Nc3 Bg7 4. e4 O-O 5. d4 c5 6. Be2 d6 7. O-O cxd4 8. Nxd4
Nc6 9. Be3 Bd7 10. f3 Nxd4 11. Bxd4 Bc6 12. Qd2 Nd7 13. Be3 f5 14. exf5 Rxf5
15. b4 Nb6 16. b5 Be8 17. Rac1 Rf8 18. Ne4 Bf7 19. Ng5 Rc8 20. Rfd1 Bxc4 21.
Rxc4 Nxc4 22. Bxc4+ Kh8 23. Nf7+ Rxf7 24. Bxf7 Qd7 25. Qd5 Rc2 26. Be6 Qc7 27.
Bd4 h5 28. f4 Kh7 29. Bg8+ Kh8 30. Bxg7+ Kxg7 31. Qf7+ Kh6 32. Qh7# 1-0

[Event "Ronne Jubilaum"]
[Site "Ronne"]
[Date "2001.06.25"]
[Round "2"]
[White "Lindberg, Henrik"]
[Black "Sandstrom, Anders"]
[Result "1-0"]
[WhiteElo "2210"]
[BlackElo "1894"]
[PlyCount "119"]
[EventDate "2001.??.??"]
[EventType "swiss"]
[EventRounds "9"]
[EventCountry "DEN"]
[SourceDate "2005.12.01"]

1. c4 Nf6 2. Nc3 g6 3. g3 Bg7 4. Bg2 d6 5. Nf3 O-O 6. O-O e5 7. d3 Nc6 8. Rb1
a5 9. a3 h6 10. b4 axb4 11. axb4 Be6 12. b5 Ne7 13. Bb2 Nd7 14. Nd2 Nc5 15. Nb3
Nxb3 16. Qxb3 Rb8 17. Ra1 Qc8 18. Rfc1 Bh3 19. Nd5 Nxd5 20. Bxh3 Qxh3 21. cxd5
Rfc8 22. Rc2 h5 23. Ra4 Qd7 24. Bc1 Bf6 25. Be3 b6 26. Ra7 Kg7 27. Qc4 Bd8 28.
Rca2 Qh3 29. R2a4 Qd7 30. Kg2 f5 31. f4 h4 32. Qc6 Qxc6 33. bxc6 hxg3 34. hxg3
Kf6 35. Bc1 Kf7 36. Kf3 Kg7 37. e4 Kf6 38. Bb2 Be7 39. g4 fxg4+ 40. Kxg4 Bf8
41. Rb7 Be7 42. Rxb8 Rxb8 43. Ra7 Rc8 44. Ra1 g5 45. fxe5+ dxe5 46. Rf1+ Kg6
47. Bxe5 b5 48. Rb1 b4 49. Ra1 Bf6 50. Bxf6 Kxf6 51. Ra7 Ke5 52. Rb7 Kd4 53.
Rxb4+ Kxd3 54. Kxg5 Rf8 55. Kg6 Rd8 56. Kf7 Rd6 57. Ke7 Ke3 58. e5 Rxd5 59. e6
Rd6 60. Kf7 1-0

[Event "Ronne Jubilaum"]
[Site "Ronne"]
[Date "2001.06.25"]
[Round "2"]
[White "Knudsen, Jesper"]
[Black "Eriksson, Bo"]
[Result "0-1"]
[WhiteElo "1617"]
[BlackElo "2232"]
[PlyCount "56"]
[EventDate "2001.??.??"]
[EventType "swiss"]
[EventRounds "9"]
[EventCountry "DEN"]
[SourceDate "2005.12.01"]

1. e4 c5 2. Nf3 e6 3. Nc3 Nc6 4. d4 cxd4 5. Nxd4 Qc7 6. Ndb5 Qb8 7. Be3 Nf6 8.
Qd2 Bb4 9. f3 a6 10. Nd4 O-O 11. g4 d5 12. g5 Nh5 13. O-O-O e5 14. Nxc6 bxc6
15. exd5 cxd5 16. Qxd5 Bxc3 17. bxc3 Bb7 18. Qd3 Bxf3 19. Be2 Bxh1 20. Rxh1 Nf4
21. Bxf4 exf4 22. Qf5 Re8 23. Bc4 Qc7 24. Bb3 Re5 25. Qg4 Qxc3 26. Kb1 Rae8 27.
Re1 Rxe1+ 28. Qd1 Rxd1# 0-1

[Event "Ronne Jubilaum"]
[Site "Ronne"]
[Date "2001.06.25"]
[Round "2"]
[White "Dalrud, Endre"]
[Black "Bernhardsson, Sten"]
[Result "1/2-1/2"]
[WhiteElo "2145"]
[BlackElo "2291"]
[PlyCount "43"]
[EventDate "2001.??.??"]
[EventType "swiss"]
[EventRounds "9"]
[EventCountry "DEN"]
[SourceDate "2005.12.01"]

1. e4 c5 2. Nf3 e6 3. d4 cxd4 4. Nxd4 Nc6 5. Nc3 a6 6. Nxc6 bxc6 7. Bd3 d5 8.
O-O Nf6 9. e5 Nd7 10. Re1 c5 11. b3 Bb7 12. Qg4 Qc7 13. f4 c4 14. bxc4 Bb4 15.
Bd2 Qa5 16. cxd5 Bxc3 17. Bxc3 Qxc3 18. dxe6 Nc5 19. exf7+ Kxf7 20. e6+ Ke7 21.
Qg5+ Kd6 22. Rad1 1/2-1/2

[Event "Ronne Jubilaum"]
[Site "Ronne"]
[Date "2001.06.25"]
[Round "2"]
[White "Munch, Anders"]
[Black "Grahn, Lars"]
[Result "1/2-1/2"]
[WhiteElo "1857"]
[BlackElo "2100"]
[PlyCount "134"]
[EventDate "2001.??.??"]
[EventType "swiss"]
[EventRounds "9"]
[EventCountry "DEN"]
[SourceDate "2005.12.01"]

1. d4 d5 2. c4 e6 3. Nc3 Nf6 4. Nf3 c6 5. Bg5 Nbd7 6. cxd5 exd5 7. e3 Be7 8.
Bd3 O-O 9. O-O Re8 10. Rc1 Nf8 11. h3 Ng6 12. Qc2 Be6 13. Ne5 Nd7 14. Bxe7 Qxe7
15. Nxg6 hxg6 16. Ne2 g5 17. Ng3 g4 18. Nf5 Bxf5 19. Bxf5 gxh3 20. Bxh3 Nf6 21.
g3 g6 22. Bg2 Kg7 23. Rfe1 Qe6 24. a3 Qg4 25. b4 Rac8 26. Qe2 Qd7 27. a4 a6 28.
Rc2 Ra8 29. Rec1 Ng8 30. b5 axb5 31. axb5 Ne7 32. bxc6 bxc6 33. Rb1 Rab8 34.
Rcb2 Rxb2 35. Qxb2 f5 36. Bf1 Ra8 37. Kg2 Rh8 38. Qb7 Qxb7 39. Rxb7 Kf6 40. g4
Re8 41. gxf5 gxf5 42. Kf3 Ra8 43. Rb1 Ra2 44. Rb8 Rc2 45. Rd8 Rc3 46. Rd6+ Kg5
47. Ba6 f4 48. Ke2 fxe3 49. fxe3 Rxe3+ 50. Kxe3 Nf5+ 51. Kd3 Nxd6 52. Kc3 Nb5+
53. Kd3 Kf6 54. Bc8 Ke7 55. Bg4 Nc7 56. Bd1 Ne6 57. Kc3 Nf4 58. Ba4 Kd6 59. Kd2
Ng6 60. Ke3 Ne7 61. Kd3 Ke6 62. Bd1 Kf5 63. Ke3 Kg5 64. Ba4 Kg4 65. Bd1+ Kg3
66. Ke2 Nf5 67. Kd3 Ne7 1/2-1/2

[Event "Ronne Jubilaum"]
[Site "Ronne"]
[Date "2001.06.25"]
[Round "2"]
[White "Petersen, Tom Petri"]
[Black "Evensen, Tom Richard"]
[Result "1-0"]
[WhiteElo "2098"]
[BlackElo "1838"]
[PlyCount "127"]
[EventDate "2001.??.??"]
[EventType "swiss"]
[EventRounds "9"]
[EventCountry "DEN"]
[SourceDate "2005.12.01"]

1. e4 c6 2. d3 d5 3. Nd2 e5 4. Ngf3 Bd6 5. g3 Nf6 6. Bg2 O-O 7. O-O h6 8. Nh4
Be6 9. Re1 dxe4 10. dxe4 Bc5 11. Nf5 Nbd7 12. Qf3 Re8 13. Nf1 Kh7 14. Bd2 a5
15. N1e3 g6 16. g4 gxf5 17. gxf5 Bxe3 18. Qxe3 Ng4 19. Qe2 Qh4 20. h3 Ngf6 21.
fxe6 Rxe6 22. Kh2 Nh5 23. Qg4 Qxg4 24. hxg4 Nf4 25. f3 Rg8 26. Kg3 Nh5+ 27. Kf2
Nf4 28. Bxa5 h5 29. Rh1 Rh6 30. Bh3 Nxh3+ 31. Rxh3 hxg4 32. Rxh6+ Kxh6 33. Rh1+
Kg5 34. Bd2+ Kf6 35. Rg1 Ke6 36. fxg4 Nc5 37. Kf3 Rh8 38. Bb4 Nd7 39. Rd1 c5
40. Be1 Rh1 41. Kg2 Rh8 42. Bf2 b6 43. Kf3 Rh3+ 44. Bg3 Nf6 45. Rd3 Rh1 46. Rb3
Nd7 47. a3 Rc1 48. Rc3 Rb1 49. b3 Nb8 50. Bf2 Nd7 51. Ke2 Nf6 52. Kf3 Nd7 53.
g5 Ra1 54. b4 cxb4 55. Rc6+ Ke7 56. axb4 Rc1 57. Bh4 Rg1 58. c3 Kf8 59. Bg3 Rc1
60. Rc7 Ke7 61. Bh4 Kd8 62. Rc6 Nb8 63. g6+ Kd7 64. g7 1-0

[Event "Ronne Jubilaum"]
[Site "Ronne"]
[Date "2001.06.25"]
[Round "2"]
[White "Furseev, Evgeni"]
[Black "Johansson, Pelle"]
[Result "0-1"]
[WhiteElo "1800"]
[BlackElo "2078"]
[PlyCount "80"]
[EventDate "2001.??.??"]
[EventType "swiss"]
[EventRounds "9"]
[EventCountry "DEN"]
[SourceDate "2005.12.01"]

1. b4 d5 2. Bb2 Qd6 3. a3 e5 4. e3 Nf6 5. c4 c6 6. Nf3 Nbd7 7. Be2 g6 8. Qb3
Bg7 9. Qc3 Ne4 10. Qc2 O-O 11. d3 Nef6 12. Nfd2 a5 13. bxa5 d4 14. Nb3 dxe3 15.
fxe3 Nc5 16. N1d2 Bg4 17. d4 exd4 18. Bxd4 Nxb3 19. Nxb3 Qe6 20. O-O Bxe2 21.
Qxe2 Ne4 22. Rad1 Nc3 23. Bxc3 Bxc3 24. Rf3 Bxa5 25. Nc5 Qe7 26. Nd7 Rfd8 27.
Nf6+ Kg7 28. Rxd8 Rxd8 29. e4 Rd2 30. Qf1 Qd8 31. Nd5 cxd5 32. Rxf7+ Kg8 33.
Rxb7 Bb6+ 34. Kh1 Rf2 35. Qd3 d4 36. c5 Qf6 37. g3 Bd8 38. Rb1 Kf8 39. Rd1 Ke7
40. Qxd4 Qf3+ 0-1

[Event "Ronne Jubilaum"]
[Site "Ronne"]
[Date "2001.06.25"]
[Round "2"]
[White "Allgaier, Erik"]
[Black "Tairova, Elena"]
[Result "1-0"]
[WhiteElo "2276"]
[BlackElo "1800"]
[PlyCount "81"]
[EventDate "2001.??.??"]
[EventType "swiss"]
[EventRounds "9"]
[EventCountry "DEN"]
[SourceDate "2005.12.01"]

1. e4 e6 2. d3 d5 3. Nd2 c5 4. Ngf3 Nc6 5. g3 g6 6. Bg2 Bg7 7. O-O Nge7 8. Re1
O-O 9. c3 b5 10. Nb3 Qb6 11. exd5 exd5 12. Be3 Bg4 13. Bxc5 Qc7 14. h3 Be6 15.
Be3 Rad8 16. Bf4 Qb6 17. d4 b4 18. Nc5 Bc8 19. Qd2 Nf5 20. Ne5 Nxe5 21. Bxe5
Bh6 22. Bf4 bxc3 23. bxc3 Bxf4 24. Qxf4 Qb2 25. Qc1 Qb6 26. Rb1 Qa5 27. a4 Qc7
28. Qb2 Rd6 29. Qb8 Qa5 30. Qb4 Qc7 31. Qb3 Ne7 32. Qb8 Qxb8 33. Rxb8 Nc6 34.
Rb5 Bf5 35. g4 Be6 36. Rb7 Rb8 37. Rc7 Rb2 38. Nb7 Rd7 39. Rxd7 Bxd7 40. Nc5
Nb8 41. Bxd5 1-0

[Event "Ronne Jubilaum"]
[Site "Ronne"]
[Date "2001.06.25"]
[Round "2"]
[White "Poulsen, Morten Kjar"]
[Black "Carlsen, Magnus"]
[Result "1-0"]
[WhiteElo "1785"]
[BlackElo "2288"]
[PlyCount "63"]
[EventDate "2001.??.??"]
[EventType "swiss"]
[EventRounds "9"]
[EventCountry "DEN"]
[SourceDate "2005.12.01"]

1. e4 c5 2. Nf3 d6 3. d4 cxd4 4. Nxd4 Nf6 5. Nc3 a6 6. Bg5 e6 7. f4 Be7 8. Qf3
Nbd7 9. g4 h6 10. Bxf6 Nxf6 11. O-O-O Qc7 12. h4 Bd7 13. g5 hxg5 14. hxg5 Rxh1
15. Qxh1 Ng8 16. Qh7 O-O-O 17. Qxg7 f6 18. f5 exf5 19. Nd5 Qa5 20. Kb1 fxe4 21.
Nxe7+ Nxe7 22. Qxe7 Re8 23. Qxf6 e3 24. Be2 Rg8 25. g6 Qe5 26. Qxe5 dxe5 27.
Nf3 Rxg6 28. Nxe5 Rg2 29. Bf3 Rf2 30. Nxd7 Rxf3 31. Ne5 e2 32. Re1 1-0

[Event "Ronne Jubilaum"]
[Site "Ronne"]
[Date "2001.06.25"]
[Round "2"]
[White "Andersen, Rune"]
[Black "Simonsen, Per"]
[Result "1-0"]
[WhiteElo "2298"]
[BlackElo "1723"]
[PlyCount "109"]
[EventDate "2001.??.??"]
[EventType "swiss"]
[EventRounds "9"]
[EventCountry "DEN"]
[SourceDate "2005.12.01"]

1. d4 d5 2. e4 e6 3. Nd2 dxe4 4. Nxe4 Nf6 5. Nxf6+ gxf6 6. Bd3 Nd7 7. Nf3 Nb6
8. a3 Bd7 9. Be2 Nd5 10. Bd2 b5 11. c4 bxc4 12. Bxc4 Nb6 13. Bd3 Nd5 14. O-O h5
15. Be4 c6 16. g3 Bd6 17. Nh4 Qb6 18. Bc3 f5 19. Bf3 Be7 20. Ng2 h4 21. Qd2
hxg3 22. fxg3 e5 23. Ba5 Qxd4+ 24. Qxd4 exd4 25. Bxd5 cxd5 26. Rfe1 Be6 27. Bc7
Bf6 28. Be5 Bxe5 29. Rxe5 Rc8 30. Ne1 Kd7 31. Rd1 Rc4 32. Rd2 Kd6 33. Nd3 a5
34. Re1 Rh6 35. Kg2 Rc7 36. Kf3 Bd7 37. Ne5 Be6 38. Kf4 f6 39. Nf3 Rg6 40. Nxd4
Rg4+ 41. Kf3 Re4 42. Nb5+ Ke5 43. Nxc7 Rxe1 44. b4 axb4 45. axb4 Re4 46. Nxe6
Kxe6 47. Re2 Ke5 48. h4 d4 49. h5 Kd5 50. Rxe4 fxe4+ 51. Ke2 Kc4 52. h6 Kc3 53.
h7 Kc2 54. h8=Q d3+ 55. Ke3 1-0

[Event "Ronne Jubilaum"]
[Site "Ronne"]
[Date "2001.06.25"]
[Round "2"]
[White "Ferrung, Steffen"]
[Black "Henrichsen, Jens"]
[Result "1/2-1/2"]
[WhiteElo "1740"]
[BlackElo "2051"]
[PlyCount "84"]
[EventDate "2001.??.??"]
[EventType "swiss"]
[EventRounds "9"]
[EventCountry "DEN"]
[SourceDate "2005.12.01"]

1. e4 c5 2. Nf3 Nc6 3. Bb5 e6 4. Bxc6 bxc6 5. O-O Ne7 6. c4 Ng6 7. Nc3 Be7 8.
d3 d6 9. Nd2 O-O 10. f4 f5 11. Qh5 Qe8 12. Ne2 Bd7 13. h3 Nh4 14. Qxe8 Rfxe8
15. g4 h6 16. Ng3 Bf6 17. Nf3 Nxf3+ 18. Rxf3 Bd4+ 19. Kg2 g6 20. Rb1 Rab8 21.
b3 a5 22. Ne2 Bg7 23. a4 Rb7 24. Bd2 Reb8 25. Nc1 Kf7 26. Rf1 Bf6 27. Re1 Bd8
28. Bc3 Bc7 29. Kf3 Ra8 30. Rb2 Re8 31. Rg2 Rbb8 32. Reg1 Rg8 33. gxf5 exf5 34.
exf5 Bxf5 35. h4 h5 36. Rh2 Rge8 37. Re1 Bg4+ 38. Kg3 Rxe1 39. Bxe1 Re8 40. Bc3
Re7 41. Rh1 Bf5 42. Re1 Re6 1/2-1/2

[Event "Ronne Jubilaum"]
[Site "Ronne"]
[Date "2001.06.25"]
[Round "2"]
[White "Aurlund, Kjell"]
[Black "Nielsen, Rasmus Lundberg"]
[Result "1/2-1/2"]
[WhiteElo "2305"]
[BlackElo "1684"]
[PlyCount "53"]
[EventDate "2001.??.??"]
[EventType "swiss"]
[EventRounds "9"]
[EventCountry "DEN"]
[SourceDate "2005.12.01"]

1. e4 c5 2. Nf3 d6 3. c3 Nf6 4. Be2 Nc6 5. d4 cxd4 6. cxd4 Qa5+ 7. Nc3 Nxe4 8.
d5 Nxc3 9. bxc3 Nb8 10. O-O Bg4 11. Qb3 Qb6 12. Qc4 Bd7 13. Qf4 Na6 14. Be3 Qa5
15. c4 e5 16. dxe6 fxe6 17. Ng5 Qf5 18. Qf3 h5 19. Rfd1 h4 20. Qg4 Qxg4 21.
Bxg4 Nc7 22. Rab1 b6 23. Bf4 Ba4 24. Re1 Bd7 25. Red1 Ba4 26. Re1 Bd7 27. Red1
1/2-1/2

[Event "Ronne Jubilaum"]
[Site "Ronne"]
[Date "2001.06.25"]
[Round "2"]
[White "Svanholm, Borge"]
[Black "Schmidt, Horst Hubert"]
[Result "0-1"]
[WhiteElo "1712"]
[BlackElo "2006"]
[PlyCount "124"]
[EventDate "2001.??.??"]
[EventType "swiss"]
[EventRounds "9"]
[EventCountry "DEN"]
[SourceDate "2005.12.01"]

1. c4 e5 2. g3 Nc6 3. Bg2 d6 4. Nc3 Be6 5. d3 f5 6. Nf3 Nf6 7. O-O Qd7 8. Rb1
Rb8 9. b4 Be7 10. b5 Nd4 11. Ne1 Bf7 12. e3 Ne6 13. f4 Bh5 14. Qb3 Nc5 15. Qc2
Bg6 16. Bb2 O-O 17. a4 c6 18. Nf3 e4 19. dxe4 fxe4 20. Ng5 Ng4 21. Qe2 d5 22.
Rbd1 Nd3 23. cxd5 cxd5 24. Ba1 h6 25. Ngxe4 dxe4 26. Nxe4 Rbd8 27. h3 Nf6 28.
Nf2 Nh5 29. Kh2 Qd6 30. Nxd3 Bxd3 31. Qxh5 Qe6 32. Rfe1 Bb4 33. Rg1 Qxe3 34.
Bd5+ Kh7 35. Bxb7 Bg6 36. Qf3 Rd2+ 37. Rxd2 Qxd2+ 38. Rg2 Qe1 39. Bb2 Re8 40.
Be5 Rd8 41. Qe2 Qb1 42. Qb2 Qe1 43. Re2 Qd1 44. Bc6 Bd2 45. Rg2 Be3 46. Qa1 Qh5
47. g4 Qh4 48. f5 Bf7 49. Qc3 Qg5 50. Qb4 Bd4 51. Qe1 Qe7 52. Bg3 Qc5 53. Qe4
Bf6 54. Re2 Rd1 55. Rg2 Qc1 56. Rc2 Qa1 57. h4 Rd4 58. Qf3 Qxa4 59. Kh3 Qxc2
60. g5 hxg5 61. hxg5 Bxg5 62. f6 Be6+ 0-1

[Event "Ronne Jubilaum"]
[Site "Ronne"]
[Date "2001.06.25"]
[Round "2"]
[White "Almind, Heinrich Dalsgaard"]
[Black "Jensen, Jan Kargaard"]
[Result "1-0"]
[WhiteElo "2238"]
[BlackElo "1644"]
[PlyCount "53"]
[EventDate "2001.??.??"]
[EventType "swiss"]
[EventRounds "9"]
[EventCountry "DEN"]
[SourceDate "2005.12.01"]

1. d4 Nf6 2. Bf4 g6 3. Nd2 Bg7 4. e4 d6 5. Ngf3 c6 6. c3 Nbd7 7. h3 Nh5 8. Bh2
e5 9. Nc4 d5 10. exd5 cxd5 11. Nd6+ Ke7 12. Nxe5 Bxe5 13. dxe5 Nb6 14. Qf3 Be6
15. g4 Ng7 16. Bg3 Qc7 17. Bh4+ Kf8 18. Qf6 h5 19. Bd3 hxg4 20. hxg4 Kg8 21. f3
Nd7 22. Qf4 Nc5 23. Bc2 Qb6 24. O-O-O a5 25. Bf6 Nd7 26. Rxh8+ Kxh8 27. Qh6+
1-0

[Event "Ronne Jubilaum"]
[Site "Ronne"]
[Date "2001.06.25"]
[Round "2"]
[White "Hemdorff, Dennis"]
[Black "Taksrud, Vidar"]
[Result "0-1"]
[WhiteElo "1653"]
[BlackElo "1944"]
[PlyCount "156"]
[EventDate "2001.??.??"]
[EventType "swiss"]
[EventRounds "9"]
[EventCountry "DEN"]
[SourceDate "2005.12.01"]

1. e4 c5 2. Nf3 e6 3. d4 cxd4 4. Nxd4 Nf6 5. Nc3 Nc6 6. a3 a6 7. Be3 Be7 8. Be2
O-O 9. O-O d5 10. exd5 Nxd5 11. Nxd5 exd5 12. Qd2 Ne5 13. b3 Bf6 14. Rad1 Qe7
15. a4 Rd8 16. Rfe1 Nc6 17. Bf3 Nxd4 18. Bxd4 Be6 19. Re2 Rac8 20. Qf4 b5 21.
axb5 axb5 22. Bxf6 Qxf6 23. Qxf6 gxf6 24. Red2 Rc5 25. Be4 f5 26. Bd3 b4 27. f4
Kg7 28. Kf2 Kf6 29. Ke3 d4+ 30. Kf2 Ra8 31. Re1 Ra2 32. Rde2 Rc3 33. g3 Rb2 34.
Ra1 Kg7 35. Ra4 Rb1 36. Rxb4 Rh1 37. h4 Rh2+ 38. Ke1 Rh3 39. Kf2 Rh2+ 40. Ke1
Rh3 41. Rxd4 Rxg3 42. b4 Ra3 43. b5 Rh3 44. b6 Ra1+ 45. Kd2 Rb1 46. Rd6 Rb4 47.
Re5 Kf6 48. Bb5 Rg3 49. Rd8 Rb2 50. b7 Rg2+ 51. Re2 Rxb5 52. Rxg2 Rxb7 53. Rh8
Rb4 54. Rxh7 Rxf4 55. h5 Rh4 56. h6 f4 57. Rh8 Bf5 58. Rf2 Be4 59. h7 Bxh7 60.
Rxh7 Rxh7 61. Rxf4+ Ke5 62. Rf2 f5 63. Kc3 Ke4 64. Kb4 Rb7+ 65. Kc4 f4 66. c3
Ke3 67. Rf1 f3 68. Kd5 Ke2 69. Rh1 Rd7+ 70. Kc5 Rd1 71. Rh2+ f2 72. c4 Ke3 73.
Rxf2 Kxf2 74. Kb6 Rb1+ 75. Kc6 Ke3 76. c5 Ke4 77. Kd6 Rd1+ 78. Kc6 Rh1 0-1

[Event "Ronne Jubilaum"]
[Site "Ronne"]
[Date "2001.06.25"]
[Round "2"]
[White "Christiansen, Erling Molbaek"]
[Black "Kraft, Rene"]
[Result "1/2-1/2"]
[WhiteElo "1928"]
[BlackElo "1627"]
[PlyCount "140"]
[EventDate "2001.??.??"]
[EventType "swiss"]
[EventRounds "9"]
[EventCountry "DEN"]
[SourceDate "2005.12.01"]

1. e4 d6 2. f4 g6 3. d4 Bg7 4. c3 e6 5. Nf3 b6 6. Bd3 Bb7 7. O-O Ne7 8. Be3 O-O
9. Nbd2 c5 10. Qe2 d5 11. e5 c4 12. Bc2 b5 13. a3 a5 14. Rf2 Nbc6 15. g4 b4 16.
Raf1 b3 17. Bb1 Nc8 18. f5 Nb6 19. Re1 exf5 20. gxf5 Bc8 21. f6 Bxf6 22. exf6
Qxf6 23. Bh6 Bg4 24. Bxf8 Rxf8 25. Qe3 Na4 26. Ne5 Qe6 27. Ndf3 Bxf3 28. Qxf3
f6 29. Ree2 Qd6 30. Nxc6 Qxc6 31. Re7 Rf7 32. Qe3 Qd6 33. Qe6 Qxe7 34. Qxd5 Kg7
35. Qxc4 Qe1+ 36. Rf1 Qe3+ 37. Kh1 Nxb2 38. Qxb3 Nd3 39. Bxd3 Qxd3 40. Kg1 Rc7
41. Qb6 Qe3+ 42. Kh1 Qe4+ 43. Kg1 Rc6 44. Qxa5 Qe3+ 45. Kh1 Rxc3 46. Qd8 Qe4+
47. Kg1 Qg4+ 48. Kh1 f5 49. Qe7+ Kh6 50. d5 Rc2 51. Qe3+ Kh5 52. Rg1 Re2 53.
Rxg4 Rxe3 54. Ra4 Kg5 55. Kg2 Rd3 56. h4+ Kf6 57. Ra7 Rxd5 58. a4 h5 59. Ra6+
Ke5 60. Rxg6 Ra5 61. Rg5 Rxa4 62. Rxh5 Kf4 63. Rg5 Ra2+ 64. Kh3 Ke4 65. h5 f4
66. Rg8 Ra1 67. Kg2 Ra2+ 68. Kg1 Ra5 69. h6 Rh5 70. Rh8 Kf5 1/2-1/2

[Event "Ronne Jubilaum"]
[Site "Ronne"]
[Date "2001.06.25"]
[Round "2"]
[White "Hansen, Erik Hedegaard"]
[Black "Pajkic, Nicolas"]
[Result "0-1"]
[WhiteElo "1634"]
[BlackElo "1903"]
[PlyCount "68"]
[EventDate "2001.??.??"]
[EventType "swiss"]
[EventRounds "9"]
[EventCountry "DEN"]
[SourceDate "2005.12.01"]

1. d4 Nf6 2. c4 e6 3. Nc3 d5 4. e3 c6 5. Bd3 Nbd7 6. Nf3 Bd6 7. Qc2 h6 8. Bd2
a6 9. a4 b6 10. O-O Bb7 11. Ne2 c5 12. dxc5 Nxc5 13. Ned4 Rc8 14. Bc3 Nxd3 15.
Qxd3 Rxc4 16. Nd2 Rc8 17. f4 O-O 18. Rf3 Ne4 19. Ne2 Nxc3 20. Nxc3 d4 21. Nce4
Bxe4 22. Nxe4 Bc5 23. Nxc5 bxc5 24. Qxa6 d3 25. Rd1 c4 26. Rd2 Qd5 27. Rf1 Ra8
28. Qb5 Rfb8 29. Qxd5 exd5 30. Ra1 Ra5 31. Ra3 Rb4 32. b3 cxb3 33. Ra1 Rbxa4
34. Rb1 Ra1 0-1

[Event "Ronne Jubilaum"]
[Site "Ronne"]
[Date "2001.06.26"]
[Round "2"]
[White "Hornsgaard, Jens Boe"]
[Black "Erikstad, Olav Aage"]
[Result "0-1"]
[WhiteElo "1902"]
[BlackElo "1548"]
[PlyCount "88"]
[EventDate "2001.??.??"]
[EventType "swiss"]
[EventRounds "9"]
[EventCountry "DEN"]
[SourceDate "2005.12.01"]

1. e4 c6 2. d4 d5 3. exd5 cxd5 4. c4 Nf6 5. Nc3 e6 6. Nf3 Nc6 7. cxd5 Nxd5 8.
Bd3 Bb4 9. Bd2 Nf6 10. a3 Ba5 11. Bg5 Bxc3+ 12. bxc3 Qa5 13. Bd2 O-O 14. O-O e5
15. c4 Qd8 16. d5 e4 17. dxc6 exf3 18. Qxf3 Bg4 19. Qg3 bxc6 20. Bg5 Bh5 21.
Rfe1 Bg6 22. Rad1 Qa5 23. Bxf6 gxf6 24. f4 Kh8 25. Qh4 Qc3 26. f5 Bh5 27. Qxh5
Rfe8 28. Rxe8+ Rxe8 29. Bf1 Kg7 30. Qg4+ Kh8 31. Qd4 Qxa3 32. Qxf6+ Kg8 33.
Qg5+ Kh8 34. f6 Qf8 35. Rd7 h6 36. Qh5 Kg8 37. Rd3 Re6 38. Rg3+ Kh8 39. Qf5 Qd8
40. Rg7 Qd4+ 41. Kh1 Qe4 42. Qxe4 Rxe4 43. Rxf7 a5 44. Rf8+ Kh7 0-1

[Event "Ronne Jubilaum"]
[Site "Ronne"]
[Date "2001.06.25"]
[Round "2"]
[White "Hansen, Jacob "]
[Black "Cordes, Till"]
[Result "1-0"]
[WhiteElo "1878"]
[BlackElo "1431"]
[PlyCount "43"]
[EventDate "2001.??.??"]
[EventType "swiss"]
[EventRounds "9"]
[EventCountry "DEN"]
[SourceDate "2005.12.01"]

1. e4 c5 2. b3 b6 3. Bb2 Bb7 4. Nc3 e6 5. Nf3 d5 6. exd5 exd5 7. d4 Nf6 8. Bd3
Nc6 9. O-O cxd4 10. Re1+ Be7 11. Ne2 O-O 12. Nexd4 Nxd4 13. Nxd4 Bc5 14. Nf5 d4
15. Qd2 Qd5 16. f3 h6 17. b4 Bd6 18. Bxd4 Nh5 19. Be4 Bxh2+ 20. Kxh2 Qd7 21.
Ne7+ Kh8 22. Qxh6# 1-0

[Event "Ronne Jubilaum"]
[Site "Ronne"]
[Date "2001.06.25"]
[Round "3"]
[White "Ibragimov, Ildar"]
[Black "Berg, Klaus"]
[Result "1-0"]
[WhiteElo "2578"]
[BlackElo "2316"]
[PlyCount "95"]
[EventDate "2001.??.??"]
[EventType "swiss"]
[EventRounds "9"]
[EventCountry "DEN"]
[SourceDate "2005.12.01"]

1. Nf3 Nf6 2. c4 c6 3. Nc3 d5 4. e3 Bg4 5. Qb3 Qb6 6. Ne5 Be6 7. d4 dxc4 8.
Bxc4 Bxc4 9. Qxc4 e6 10. O-O Be7 11. e4 O-O 12. Be3 Qa6 13. f3 Rd8 14. a3 Qxc4
15. Nxc4 b6 16. b4 Nbd7 17. Rfd1 Ne8 18. Bf4 Rac8 19. Rac1 Nf8 20. Rc2 Ng6 21.
Be3 Nd6 22. Nxd6 Bxd6 23. Rdc1 Ne7 24. Ne2 f6 25. g4 Kf7 26. h4 Ra8 27. Bd2 e5
28. dxe5 Bxe5 29. f4 Bd4+ 30. Kg2 b5 31. Kf3 Bb6 32. Be3 Bxe3 33. Kxe3 a5 34.
Nd4 axb4 35. axb4 Ra3+ 36. Rc3 Rda8 37. f5 R8a4 38. Rxa3 Rxa3+ 39. Kf4 Ra4 40.
Nxc6 Nxc6 41. Rxc6 Rxb4 42. Rc7+ Kg8 43. g5 fxg5+ 44. hxg5 Rc4 45. Rb7 b4 46.
f6 gxf6 47. gxf6 h5 48. Kf5 1-0

[Event "Ronne Jubilaum"]
[Site "Ronne"]
[Date "2001.06.25"]
[Round "3"]
[White "Jakobsen, Ole"]
[Black "Hector, Jonny"]
[Result "0-1"]
[WhiteElo "2399"]
[BlackElo "2546"]
[PlyCount "80"]
[EventDate "2001.??.??"]
[EventType "swiss"]
[EventRounds "9"]
[EventCountry "DEN"]
[SourceDate "2005.12.01"]

1. d4 d5 2. c4 c6 3. e3 Bf5 4. Nc3 e6 5. Nf3 Nd7 6. h3 Bd6 7. Be2 h6 8. Bd3
Bxd3 9. Qxd3 f5 10. cxd5 cxd5 11. g4 Qf6 12. gxf5 Ne7 13. e4 Bb4 14. Bd2 O-O
15. O-O-O Bxc3 16. Bxc3 dxe4 17. Qxe4 Qxf5 18. Nd2 Nd5 19. Rde1 Rac8 20. Qxf5
exf5 21. Nb1 b5 22. a3 a5 23. Kd1 b4 24. axb4 axb4 25. Bd2 Rc4 26. Ke2 Rxd4 27.
Kf3 Rd3+ 28. Kg2 N7f6 29. Rd1 Nh5 30. Kh2 Rd8 31. Rde1 Nhf4 32. Bxf4 Nxf4 33.
Re3 Rd1 34. Ree1 Rxe1 35. Rxe1 Rd3 36. h4 Rb3 37. Nd2 Rxb2 38. Nc4 Rxf2+ 39.
Kg3 Rc2 40. Re8+ Kh7 0-1